[Event "World Rapid 2023"]
[Site "Samarkand UZB"]
[Date "2023.12.28"]
[EventDate "2023.12.26"]
[Round "10.93"]
[Result "1/2-1/2"]
[White "Gabriel Gaehwiler"]
[Black "Felix Xie"]
[WhiteElo "2381"]
[BlackElo "2244"]
[PlyCount "156"]

1. e4 c5 2. Nf3 e6 3. g3 d5 4. exd5 exd5 5. d4 Nc6 6. Be3 Bg4 7. Be2 c4 8. c3
Bd6 9. Nbd2 Nge7 10. Nh4 Bxe2 11. Qxe2 Qd7 12. b3 b5 13. bxc4 bxc4 14. Rb1 O-O
15. O-O Rfb8 16. Ng2 Qf5 17. Qd1 Qd3 18. Qc1 Rxb1 19. Nxb1 Rb8 20. Bf4 Bxf4 21.
Nxf4 Qf5 22. Na3 h5 23. Nc2 g6 24. Ne3 Qd7 25. Qd1 Nd8 26. Qf3 Rb5 27. Re1 Kg7
28. Kg2 Ne6 29. Nxe6+ Qxe6 30. h3 Qf6 31. Qe2 Rb7 32. g4 h4 33. Nf1 Qf4 34. Qf3
Qxf3+ 35. Kxf3 Kf6 36. Ne3 Rb2 37. Re2 Rb1 38. Ng2 g5 39. Re5 Rc1 40. Ne3 Rxc3
41. Kg2 Ra3 42. Nxd5+ Nxd5 43. Rxd5 Rxa2 44. Rc5 Ra4 45. Rf5+ Kg6 46. Rc5 Kf6
47. Rf5+ Kg6 48. Rc5 f6 49. Rc7 c3 50. Rxc3 Rxd4 51. Ra3 Rd7 52. Ra6 Kf7 53. Kf3
Rb7 54. Kg2 Ke7 55. Kf3 Ke8 56. Kg2 Rf7 57. f4 Kf8 58. Kf3 Kg7 59. Ke4 Kg6 60.
fxg5 Kxg5 61. Ra5+ Kg6 62. Kf4 Rb7 63. Ra6 Rb4+ 64. Kf3 Rb3+ 65. Kf4 Rb4+ 66.
Kf3 Rb3+ 67. Kf4 Rxh3 68. g5 Rb3 69. Rxf6+ Kg7 70. Ra6 Rb4+ 71. Kf5 Rb7 72. Kg4
h3 73. Kxh3 Rb4 74. Rxa7+ Kg6 75. Ra5 Rc4 76. Kg3 Rb4 77. Kh3 Rc4 78. Kg3 1/2-1/2

[Event "World Rapid 2023"]
[Site "Samarkand UZB"]
[Date "2023.12.28"]
[EventDate "2023.12.26"]
[Round "10.95"]
[Result "0-1"]
[White "Jaloliddin Ilkhomi"]
[Black "O'Gorman, Tom"]
[WhiteElo "2222"]
[BlackElo "2322"]
[PlyCount "98"]

1. Nf3 c5 2. c4 Nc6 3. g3 g6 4. Bg2 Bg7 5. Nc3 e5 6. d3 Nge7 7. a3 a5 8. Rb1 d6
9. O-O O-O 10. Ne1 Be6 11. Bg5 f6 12. Be3 Qd7 13. Nc2 Bh3 14. b4 Bxg2 15. Kxg2
axb4 16. axb4 b6 17. Qd2 Nd4 18. bxc5 bxc5 19. Nb5 d5 20. Nc3 Nxc2 21. Bxc5 Nd4
22. Nxd5 Nxd5 23. Bxf8 Nf4+ 24. gxf4 Rxf8 25. fxe5 fxe5 26. f3 Ne6 27. e3 Ng5
28. Qf2 Qxd3 29. c5 Nxf3 30. Qa2+ Kh8 31. Rxf3 Qe4 32. Rf1 g5 33. Kg1 Rxf3 34.
Rxf3 Qxf3 35. Qd2 h6 36. Qd8+ Kh7 37. Qd3+ e4 38. Qd2 Qg4+ 39. Kh1 Qf5 40. Qc1
Bb2 41. Qd1 Qxc5 42. Qd7+ Bg7 43. h4 gxh4 44. Kg2 Qg5+ 45. Kh1 Qf6 46. Kg2 h5
47. Kh1 Qf3+ 48. Kh2 Qg4 49. Qe7 h3 0-1

[Event "World Rapid 2023"]
[Site "Samarkand UZB"]
[Date "2023.12.28"]
[EventDate "2023.12.26"]
[Round "10.96"]
[Result "1-0"]
[White "Mohamed Tissir"]
[Black "Bakhrom Bakhrillaev"]
[WhiteElo "2349"]
[BlackElo "2332"]
[PlyCount "80"]

1. e4 e5 2. Nf3 Nc6 3. Bc4 Bc5 4. c3 Nf6 5. d3 d6 6. a4 a5 7. O-O O-O 8. h3 h6
9. Na3 Be6 10. Qb3 Qd7 11. Kh2 Kh7 12. Be3 Bxe3 13. fxe3 b6 14. Qc2 Bxc4 15.
Nxc4 Qe6 16. Rae1 g6 17. Na3 Rae8 18. Nb5 Re7 19. d4 exd4 20. exd4 Nxe4 21. Nxc7
Rxc7 22. Rxe4 Qc4 23. Rfe1 d5 24. Rf4 Nb4 25. Qd2 Nd3 26. Rh4 h5 27. Re3 Nxb2
28. Qxb2 Qxa4 29. Qxb6 Rc6 30. Qb7 Rf6 31. Qxd5 Qa1 32. Re5 Kg7 33. Qxa5 Qf1 34.
Re1 Qf2 35. Qe5 Rc8 36. Rf4 Rc6 37. Rxf6 Rxf6 38. Re4 g5 39. d5 h4 40. Rg4 1-0

[Event "World Rapid 2023"]
[Site "Samarkand UZB"]
[Date "2023.12.28"]
[EventDate "2023.12.26"]
[Round "10.97"]
[Result "1/2-1/2"]
[White "Jamshid Mustafaev"]
[Black "Nikolay Tregubenko"]
[WhiteElo "2313"]
[BlackElo "2017"]
[PlyCount "148"]

1. e4 c5 2. Nf3 d6 3. d3 Nc6 4. g3 g6 5. Bg2 Bg7 6. O-O e6 7. Re1 Nge7 8. Nbd2
O-O 9. a4 Rb8 10. Nc4 b6 11. Bf4 e5 12. Bg5 h6 13. Bxe7 Qxe7 14. Nfd2 Be6 15.
Ne3 Qd7 16. Nd5 f5 17. c3 Rf7 18. exf5 gxf5 19. Nc4 Ne7 20. Nce3 Ng6 21. Qh5 Kh7
22. f4 Rg8 23. Kf2 Qd8 24. Bf3 exf4 25. gxf4 Qh4+ 26. Qxh4 Nxh4 27. Bh5 Ng6 28.
Rg1 Bf8 29. Rg2 Be7 30. Rag1 Bh4+ 31. Kf1 Rfg7 32. Bxg6+ Rxg6 33. Rxg6 Rxg6 34.
Rxg6 Kxg6 35. Ke2 Kf7 36. b4 cxb4 37. cxb4 Bd7 38. b5 Bd8 39. Nc4 Ke6 40. Nb4
Bc7 41. d4 Bc8 42. d5+ Kd7 43. Nd2 Ke8 44. Nb3 Bb7 45. Nd4 Bd8 46. Nxf5 Kd7 47.
Nxh6 Bf6 48. Nf5 Kc7 49. Nc6 a6 50. Kd3 axb5 51. axb5 Bc8 52. Ke4 Bd7 53. h4 Be8
54. Nfd4 Bxh4 55. Kf5 Kd7 56. Nb8+ Ke7 57. Nbc6+ Kf7 58. Ke4 Kf6 59. Nd8 Bf2 60.
N8e6 Bg6+ 61. f5 Be8 62. Nc6 Bh5 63. Nc7 Bc5 64. Kf4 Ba3 65. Ne6 Be2 66. Nc7 Bh5
67. Ke4 Bc5 68. Ne6 Ba3 69. Nf4 Bg4 70. Nd4 Bb2 71. Nfe6 Bh3 72. Nf4 Bg4 73.
Nfe6 Bh3 74. Nf4 1/2-1/2

[Event "World Rapid 2023"]
[Site "Samarkand UZB"]
[Date "2023.12.28"]
[EventDate "2023.12.26"]
[Round "10.98"]
[Result "1/2-1/2"]
[White "Asrorjon Omonov"]
[Black "Ali Kasimov"]
[WhiteElo "2224"]
[BlackElo "2206"]
[PlyCount "214"]

1. d4 Nf6 2. c4 e6 3. Nc3 d5 4. Nf3 dxc4 5. e3 a6 6. a4 c5 7. Bxc4 Nc6 8. O-O
Be7 9. Qe2 cxd4 10. Rd1 O-O 11. exd4 Nb4 12. Bg5 Bd7 13. Ne5 Bc6 14. Nxc6 bxc6
15. a5 Qc7 16. Bh4 Rfd8 17. Bg3 Qa7 18. Be5 Nd7 19. Bf4 Nf6 20. Be3 Nbd5 21. Na4
Nd7 22. Rdc1 Rdc8 23. b3 Bb4 24. Nb2 Bd6 25. Nd3 Qb7 26. g3 Rc7 27. Bd2 Rcc8 28.
h4 Qa7 29. Be3 Nxe3 30. Qxe3 c5 31. d5 exd5 32. Bxd5 Rab8 33. Qf3 Nf6 34. Bc4
Re8 35. Rd1 h6 36. Nf4 Be5 37. Ra2 Bd4 38. Ne2 Be5 39. Rad2 Qc7 40. Rd7 Nxd7 41.
Qxf7+ Kh8 42. Rxd7 Qxa5 43. Nf4 Qa1+ 44. Kg2 Bxf4 45. Qxf4 Qe5 46. Qd2 Rf8 47.
Rd5 Qe4+ 48. Kg1 Rbe8 49. Rxc5 Qb1+ 50. Kg2 Re1 51. Bd5 Rg1+ 52. Kh2 Qf1 53. f4
Re8 54. Rc2 Qe1 55. Qxe1 Rgxe1 56. Bc4 a5 57. Ra2 Ra8 58. h5 Rc1 59. Be6 Rc5 60.
f5 Rb8 61. Kh3 Rb4 62. Rd2 Rb8 63. Rd3 Re5 64. Kg4 Rf8 65. Rd7 Re8 66. Ra7 Rf8
67. Ra6 Rb5 68. Kf4 Rfb8 69. Kg4 Rb4+ 70. Kh3 R4b5 71. Ra7 Rf8 72. Kg4 Rb4+ 73.
Kf3 Rb5 74. g4 Rfb8 75. Kg2 Rxb3 76. Bxb3 Rxb3 77. Rxa5 Kg8 78. Ra8+ Kf7 79. Ra6
Rc3 80. Kf2 Rb3 81. Re6 Ra3 82. Re3 Ra2+ 83. Kf3 Ra4 84. Rb3 Rc4 85. Rb7+ Kf6
86. Rb6+ Kf7 87. Rg6 Rc1 88. Kg3 Rc3+ 89. Kh4 Rf3 90. Ra6 Rb3 91. Ra7+ Kf6 92.
Ra6+ Kf7 93. Ra4 Rf3 94. Re4 Kf6 95. Re6+ Kf7 96. Rg6 Rf1 97. Kg3 Rg1+ 98. Kf2
Rh1 99. f6 gxf6 100. Rxh6 Kg7 101. Rg6+ Kf7 102. Kg2 Ra1 103. Kh2 Ra3 104. g5
fxg5 105. Rxg5 Kf6 106. Rg6+ Kf7 107. Rg4 Ra5 1/2-1/2

[Event "World Rapid 2023"]
[Site "Samarkand UZB"]
[Date "2023.12.28"]
[EventDate "2023.12.26"]
[Round "10.99"]
[Result "0-1"]
[White "Shahruh Turayev"]
[Black "Khalil Nafri"]
[WhiteElo "2183"]
[BlackElo "2248"]
[PlyCount "76"]

1. e4 c5 2. Nc3 Nc6 3. Bb5 Nd4 4. Bc4 g6 5. Nge2 Bg7 6. Nxd4 cxd4 7. Qf3 Nh6 8.
Ne2 O-O 9. d3 Ng4 10. Bb3 d6 11. Qg3 Qb6 12. h4 h5 13. Nf4 e6 14. f3 Ne3 15. Qf2
a5 16. a4 Bd7 17. g4 hxg4 18. h5 g5 19. h6 Be5 20. Nh5 f5 21. Qe2 fxe4 22. fxe4
g3 23. Bxe3 dxe3 24. O-O-O Rac8 25. Kb1 Rf2 26. Qg4 Rfxc2 27. Qxg5+ Kh8 28.
Qxe5+ dxe5 29. Bxc2 e2 30. Rde1 Qe3 31. Rhg1 Qd2 32. Rc1 Rxc2 33. Rxc2 e1=Q+ 34.
Rxe1 Qxe1+ 35. Ka2 Bxa4 36. Rc7 Qb4 37. Rc3 g2 38. Nf6 Qxc3 0-1

[Event "World Rapid 2023"]
[Site "Samarkand UZB"]
[Date "2023.12.28"]
[EventDate "2023.12.26"]
[Round "11.5"]
[Result "1-0"]
[White "Nodirbek Abdusattorov"]
[Black "Kirill Shevchenko"]
[WhiteElo "2727"]
[BlackElo "2651"]
[PlyCount "60"]

1. d4 Nf6 2. c4 g6 3. Nc3 Bg7 4. e4 d6 5. Nf3 O-O 6. Bd3 Nc6 7. d5 Nb4 8. Be2 e6
9. O-O Re8 10. dxe6 Bxe6 11. Nd4 Bd7 12. f3 c6 13. Kh1 d5 14. a3 Na6 15. cxd5
cxd5 16. exd5 Nh5 17. f4 Qb6 18. Ndb5 Nc5 19. a4 Bxc3 20. Nxc3 Nb3 21. a5 Qb4
22. Ra3 Nxc1 23. Qxc1 Ng7 24. Bf3 Nf5 25. d6 Qxd6 26. Bxb7 Rab8 27. Ne4 Qe7 28.
Qc3 Rxb7 29. Nf6+ Kf8 30. Nd5 1-0

[Event "World Rapid 2023"]
[Site "Samarkand UZB"]
[Date "2023.12.28"]
[EventDate "2023.12.26"]
[Round "11.8"]
[Result "1/2-1/2"]
[White "Volodar Murzin"]
[Black "Alexander Grischuk"]
[WhiteElo "2627"]
[BlackElo "2732"]
[PlyCount "32"]

1. d4 Nf6 2. Nf3 c6 3. Bf4 Qb6 4. Qc1 d6 5. c4 h6 6. h3 g5 7. Bh2 Bg7 8. Nc3 Bf5
9. e3 c5 10. Be2 Nc6 11. d5 Nb4 12. O-O Nc2 13. Rb1 Nb4 14. Ra1 Nc2 15. Rb1 Nb4
16. Ra1 1/2-1/2

[Event "World Rapid 2023"]
[Site "Samarkand UZB"]
[Date "2023.12.28"]
[EventDate "2023.12.26"]
[Round "11.9"]
[Result "1/2-1/2"]
[White "Ian Nepomniachtchi"]
[Black "Jakhongir Vakhidov"]
[WhiteElo "2771"]
[BlackElo "2599"]
[PlyCount "82"]

1. e4 c5 2. Nf3 g6 3. c3 d5 4. exd5 Qxd5 5. d4 Bg7 6. Nbd2 cxd4 7. Bc4 Qd8 8.
Nxd4 Nf6 9. O-O O-O 10. Qe2 Bg4 11. N2f3 Qc7 12. h3 Bxf3 13. Nxf3 Nc6 14. Be3
Na5 15. Bd3 Nd5 16. Bd2 Rac8 17. Rad1 Nc4 18. Bc1 e6 19. g3 b5 20. h4 b4 21.
cxb4 Nxb4 22. Bb1 Ne5 23. Nxe5 Qxe5 24. Qxe5 Bxe5 25. Rd7 a5 26. Rfd1 Nd5 27.
Ra7 Rb8 28. Be4 Bxb2 29. Bxd5 exd5 30. Bh6 Rfd8 31. Rxa5 d4 32. Bg5 Rdc8 33. Rd5
h5 34. Kg2 Ra8 35. Rd2 Bc1 36. Re2 Bxg5 37. hxg5 Ra4 38. Rd7 Rca8 39. Ree7 Rf8
40. Re2 Rfa8 41. Ree7 1/2-1/2

[Event "World Rapid 2023"]
[Site "Samarkand UZB"]
[Date "2023.12.28"]
[EventDate "2023.12.26"]
[Round "11.10"]
[Result "1/2-1/2"]
[White "Ivan Cheparinov"]
[Black "Levon Aronian"]
[WhiteElo "2663"]
[BlackElo "2723"]
[PlyCount "72"]

1. e4 c5 2. Nf3 e6 3. c3 d5 4. exd5 Qxd5 5. d4 Nf6 6. Na3 Nc6 7. Be3 cxd4 8. Nb5
Qd7 9. Nbxd4 Be7 10. Nxc6 Qxc6 11. Ne5 Qe4 12. Qd4 Qxd4 13. Bxd4 O-O 14. Be2 Rd8
15. Bf3 Nd5 16. O-O-O f6 17. Nc4 b6 18. Rhe1 Rb8 19. Ne3 Nc7 20. Nf5 Bf8 21. Be3
Bd7 22. Nd4 Bc5 23. Nc6 Bxc6 24. Bxc6 Bxe3+ 25. Rxe3 Rxd1+ 26. Kxd1 Rd8+ 27. Kc2
Kf7 28. Rd3 Rxd3 29. Kxd3 e5 30. b4 Ke6 31. c4 Kd6 32. Bb7 Ne6 33. g3 f5 34. Bc8
g6 35. Bxe6 Kxe6 36. f3 1/2-1/2

[Event "World Rapid 2023"]
[Site "Samarkand UZB"]
[Date "2023.12.28"]
[EventDate "2023.12.26"]
[Round "11.11"]
[Result "1-0"]
[White "Fabiano Caruana"]
[Black "Tigran L Petrosian"]
[WhiteElo "2794"]
[BlackElo "2561"]
[PlyCount "86"]

1. e4 g6 2. d4 Bg7 3. Nc3 a6 4. a4 d6 5. h3 Nf6 6. Nf3 O-O 7. Be3 b6 8. Bc4 e6
9. O-O Bb7 10. d5 exd5 11. exd5 Nbd7 12. Nd4 Ne5 13. Bb3 Re8 14. Qd2 Qe7 15.
Rae1 Qf8 16. Ba2 Ned7 17. Ne6 fxe6 18. dxe6 Kh8 19. exd7 Nxd7 20. Nd5 Rac8 21.
Bd4 Bxd5 22. Bxd5 a5 23. Bc6 Rxe1 24. Rxe1 Ne5 25. Bb5 g5 26. Bxe5 Bxe5 27. Qxg5
Qf7 28. c3 Rf8 29. Qe3 Qb3 30. Qe2 Qf7 31. g3 h5 32. h4 Qg6 33. Bd3 Qf7 34. Kg2
Qd5+ 35. Be4 Qf7 36. Bf3 Qg7 37. Bxh5 Rf4 38. Kh3 Rf8 39. f4 Bf6 40. Qg4 Qh7 41.
Bg6 Qg7 42. Qh5+ Kg8 43. Bf5 1-0

[Event "World Rapid 2023"]
[Site "Samarkand UZB"]
[Date "2023.12.28"]
[EventDate "2023.12.26"]
[Round "11.12"]
[Result "1-0"]
[White "Peter Svidler"]
[Black "Maxim Matlakov"]
[WhiteElo "2689"]
[BlackElo "2670"]
[PlyCount "80"]

1. c4 e6 2. g3 d5 3. Bg2 Nf6 4. b3 Be7 5. Bb2 O-O 6. Nf3 c5 7. O-O Nc6 8. e3 d4
9. exd4 cxd4 10. Re1 Bc5 11. Ba3 Nd7 12. d3 Re8 13. Nfd2 Qe7 14. Bxc5 Nxc5 15.
Ne4 Nxe4 16. Bxe4 a5 17. Nd2 a4 18. bxa4 Qb4 19. Nf3 Rd8 20. Rb1 Qd6 21. Rb5 h6
22. Nd2 Qa3 23. Nb3 Qxa4 24. Qf3 Ra7 25. Qf4 e5 26. Qf3 Rf8 27. Bxc6 bxc6 28.
Rbxe5 c5 29. Nxc5 Qb4 30. h4 Rxa2 31. Qd5 Qb2 32. R5e2 Qxe2 33. Rxe2 Rxe2 34.
Qxd4 Rfe8 35. Ne4 Bb7 36. Qd7 Re1+ 37. Kh2 R8xe4 38. dxe4 Bxe4 39. f3 Re2+ 40.
Kg1 1-0

[Event "World Rapid 2023"]
[Site "Samarkand UZB"]
[Date "2023.12.28"]
[EventDate "2023.12.26"]
[Round "11.13"]
[Result "1/2-1/2"]
[White "Alexandr Predke"]
[Black "Richard Rapport"]
[WhiteElo "2689"]
[BlackElo "2731"]
[PlyCount "50"]

1. d4 Nf6 2. c4 g6 3. Nc3 Bg7 4. e4 d6 5. Nf3 O-O 6. Be3 e5 7. dxe5 dxe5 8. Qc2
Nbd7 9. Rd1 Ng4 10. Bg5 f6 11. Bc1 c6 12. h3 Nh6 13. b4 Qe7 14. c5 Nf7 15. Be2
f5 16. O-O Nf6 17. Rfe1 Kh8 18. Bc4 fxe4 19. Ng5 Nxg5 20. Bxg5 Qc7 21. Bxf6 Bxf6
22. Nxe4 Bf5 23. Bd3 Bxe4 24. Bxe4 Rad8 25. Rxd8 Rxd8 1/2-1/2

[Event "World Rapid 2023"]
[Site "Samarkand UZB"]
[Date "2023.12.28"]
[EventDate "2023.12.26"]
[Round "11.14"]
[Result "1/2-1/2"]
[White "Anton Korobov"]
[Black "Vladislav Artemiev"]
[WhiteElo "2672"]
[BlackElo "2711"]
[PlyCount "54"]

1. d4 Nf6 2. c4 e6 3. Nf3 d5 4. Nc3 h6 5. e3 Nbd7 6. Qc2 Be7 7. b3 O-O 8. Bb2 b6
9. Be2 Bb7 10. O-O c5 11. cxd5 Nxd5 12. Nxd5 Bxd5 13. Rad1 Rc8 14. Qb1 c4 15.
bxc4 Bxc4 16. Bxc4 Rxc4 17. e4 Qc8 18. d5 exd5 19. exd5 Bf6 20. Bxf6 Nxf6 21.
Rfe1 Qc5 22. d6 Rd8 23. Ne5 Rc2 24. Nd3 Qc3 25. Ne5 Qc5 26. Nd3 Qc3 27. Ne5 Qc5 1/2-1/2

[Event "World Rapid 2023"]
[Site "Samarkand UZB"]
[Date "2023.12.28"]
[EventDate "2023.12.26"]
[Round "11.15"]
[Result "0-1"]
[White "Xiangyu Xu"]
[Black "R Praggnanandhaa"]
[WhiteElo "2623"]
[BlackElo "2740"]
[PlyCount "112"]

1. d4 Nf6 2. c4 e6 3. Nc3 Bb4 4. Qc2 O-O 5. e4 d6 6. e5 dxe5 7. dxe5 Ng4 8. Nf3
Nc6 9. Bf4 Nd4 10. Qd2 f6 11. O-O-O c5 12. h3 Nxe5 13. Nxe5 fxe5 14. Bxe5 Bd7
15. Bd3 Rf7 16. Qe3 Qa5 17. Kb1 Bxc3 18. bxc3 Nc6 19. Bd6 e5 20. Kb2 Be6 21.
Qxc5 Qb6+ 22. Qxb6 axb6 23. f3 Rd7 24. Bc2 Na5 25. Bb4 Nxc4+ 26. Kc1 Rxa2 27.
Bb1 Ra1 28. g4 Kf7 29. Rhe1 Rc7 30. Re2 Rc8 31. Ra2 Ra8 32. Rxa8 Rxa8 33. Rd3 g5
34. Rd1 h6 35. Re1 Bd5 36. Kc2 Ra1 37. Kd3 Kf6 38. Ke2 b5 39. Rd1 Be6 40. Be4
Rxd1 41. Kxd1 Bd5 42. Bf8 Bxe4 43. fxe4 Ne3+ 44. Ke2 Ng2 45. Bxh6 Nf4+ 46. Ke3
Ne6 47. h4 gxh4 48. Kf2 Ng5 49. Kg2 Nxe4 50. Kh3 Nxc3 51. Kxh4 b4 52. Kh5 b3 53.
Bc1 Kg7 54. Bb2 Na4 55. Bxe5+ Kg8 56. Kg6 b2 0-1

[Event "World Rapid 2023"]
[Site "Samarkand UZB"]
[Date "2023.12.28"]
[EventDate "2023.12.26"]
[Round "11.16"]
[Result "0-1"]
[White "Bardiya Daneshvar"]
[Black "Anish Giri"]
[WhiteElo "2591"]
[BlackElo "2754"]
[PlyCount "82"]

1. Nf3 Nf6 2. c4 g6 3. Nc3 Bg7 4. e4 d6 5. d4 Bg4 6. Be2 Bxf3 7. Bxf3 e5 8. d5
h5 9. Rb1 Nbd7 10. b4 Bh6 11. Bb2 O-O 12. O-O a5 13. a3 Qe7 14. Nb5 Rfc8 15. Qd3
Ra6 16. Bc3 axb4 17. axb4 Ne8 18. Rfd1 Rca8 19. g3 Ra2 20. Bb2 R2a4 21. Qb3 Ndf6
22. Nc3 R4a7 23. Nb5 Ra6 24. c5 Nh7 25. h4 g5 26. Bc1 Kg7 27. hxg5 Bxg5 28. Bxh5
Nef6 29. cxd6 cxd6 30. Bf3 Qd7 31. Qd3 Bxc1 32. Rdxc1 Ng5 33. Bg2 Ra2 34. Nc3
R8a3 35. Qf1 Ng4 36. Nxa2 Rxa2 37. Rb3 Qd8 38. Qd1 Qb6 39. Rc2 Nxf2 40. Qb1
Nfh3+ 41. Kf1 Qg1+ 0-1

[Event "World Rapid 2023"]
[Site "Samarkand UZB"]
[Date "2023.12.28"]
[EventDate "2023.12.26"]
[Round "11.17"]
[Result "1/2-1/2"]
[White "Teimour Radjabov"]
[Black "Pavel Ponkratov"]
[WhiteElo "2723"]
[BlackElo "2608"]
[PlyCount "64"]

1. e4 e6 2. d4 d5 3. exd5 exd5 4. Bd3 Bd6 5. Nf3 Ne7 6. O-O Nbc6 7. h3 Nb4 8.
Be2 c5 9. c3 Nbc6 10. dxc5 Bxc5 11. Nbd2 Qc7 12. Nb3 Bb6 13. Nbd4 O-O 14. Be3 a6
15. Qd2 Ng6 16. Rfe1 Na5 17. b3 Qd6 18. Rad1 Rd8 19. Bd3 Bc7 20. Nf5 Bxf5 21.
Bxf5 Nc6 22. Bg5 f6 23. Re6 Qa3 24. Bxg6 hxg6 25. Bxf6 gxf6 26. Qh6 Qf8 27.
Qxg6+ Qg7 28. Qh5 Qf7 29. Qg4+ Qg7 30. Qh5 Qf7 31. Qg4+ Qg7 32. Qh5 1/2-1/2

[Event "World Rapid 2023"]
[Site "Samarkand UZB"]
[Date "2023.12.28"]
[EventDate "2023.12.26"]
[Round "11.18"]
[Result "1-0"]
[White "Anton Guijarro, David"]
[Black "Aleksandar Indjic"]
[WhiteElo "2670"]
[BlackElo "2589"]
[PlyCount "80"]

1. e4 c5 2. Nf3 d6 3. Bb5+ Nd7 4. c4 Nf6 5. Nc3 a6 6. Ba4 e6 7. O-O Be7 8. d3
O-O 9. Ne1 d5 10. f4 Nb6 11. e5 Nfd7 12. Bb3 Nb8 13. Nf3 Nc6 14. Qe2 Kh8 15. Bd2
f5 16. exf6 Bxf6 17. Kh1 Nd4 18. Nxd4 cxd4 19. Nd1 Qd6 20. Nf2 Bd7 21. Rac1 Rfc8
22. c5 Rxc5 23. Bb4 Rac8 24. Rxc5 Rxc5 25. Ng4 a5 26. Bxc5 Qxc5 27. f5 exf5 28.
Nxf6 gxf6 29. Re1 a4 30. Bd1 Nc8 31. Qf2 Ne7 32. Qg3 b5 33. Qb8+ Nc8 34. Bf3 Qb4
35. Rc1 Qxb2 36. Qc7 Be6 37. Qd8+ Kg7 38. Rc7+ Kg6 39. h4 Bf7 40. Rc6 1-0

[Event "World Rapid 2023"]
[Site "Samarkand UZB"]
[Date "2023.12.28"]
[EventDate "2023.12.26"]
[Round "11.19"]
[Result "0-1"]
[White "Aydin Suleymanli"]
[Black "Javokhir Sindarov"]
[WhiteElo "2609"]
[BlackElo "2701"]
[PlyCount "100"]

1. e4 e5 2. Nf3 Nc6 3. Bb5 a6 4. Ba4 Nf6 5. O-O Bc5 6. c3 b5 7. Bc2 d5 8. a4
dxe4 9. axb5 exf3 10. Qxf3 e4 11. Bxe4 Ne5 12. Qe2 O-O 13. d4 Bg4 14. Qc2 Nxe4
15. Qxe4 Bd7 16. bxa6 Bb5 17. Qxe5 Bxf1 18. Kxf1 Ba7 19. b4 Re8 20. Qf5 Bxd4 21.
Qf3 Bb6 22. g3 Qc8 23. Kg2 Rxa6 24. Rxa6 Qxa6 25. Na3 Re1 26. b5 Qa4 27. Bd2 Re6
28. Nc4 Qxb5 29. Nxb6 cxb6 30. Be3 Qc6 31. c4 f6 32. Qxc6 Rxc6 33. Kf3 Kf7 34.
Ke2 Ke6 35. Kd3 Kd7 36. h4 Re6 37. Kd2 Kc6 38. Kd3 Rd6+ 39. Kc2 b5 40. cxb5+
Kxb5 41. Kc3 Kc6 42. Bd2 Kd7 43. Kc2 Ke6 44. Kd1 Kf5 45. f3 Re6 46. g4+ Kg6 47.
Kc2 h5 48. Kd3 Ra6 49. Be3 Ra2 50. Bd2 Ra4 0-1

[Event "World Rapid 2023"]
[Site "Samarkand UZB"]
[Date "2023.12.28"]
[EventDate "2023.12.26"]
[Round "11.20"]
[Result "0-1"]
[White "Rauf Mamedov"]
[Black "Subramaniyam H Bharath"]
[WhiteElo "2651"]
[BlackElo "2504"]
[PlyCount "92"]

1. e4 e5 2. Nf3 Nc6 3. Bc4 Nf6 4. d3 h6 5. Nc3 d6 6. a4 g6 7. a5 a6 8. h3 Bg7 9.
Be3 O-O 10. Qd2 Kh7 11. g4 Nd7 12. Ne2 Qf6 13. Nh2 Qe7 14. Ng3 Nc5 15. g5 h5 16.
Nxh5 gxh5 17. Qd1 Rh8 18. Nf3 Be6 19. g6+ fxg6 20. Ng5+ Kg8 21. Nxe6 Nxe6 22.
Rg1 Kh7 23. c3 Nf4 24. Qb3 Rab8 25. Bxf4 exf4 26. d4 Rhf8 27. Bd3 Bxd4 28. cxd4
Nxd4 29. Qd1 Qe5 30. h4 d5 31. f3 Qe7 32. Kf1 Qxh4 33. Rc1 Qh3+ 34. Kf2 Qh4+ 35.
Kf1 Qe7 36. Bb1 c5 37. b4 dxe4 38. fxe4 Rbd8 39. Rxc5 f3 40. e5 Nf5 41. Qc1 Rd1+
42. Qxd1 Ne3+ 43. Kf2 Nxd1+ 44. Rxd1 Qh4+ 45. Ke3 Qg5+ 46. Ke4 Qf4+ 0-1

[Event "World Rapid 2023"]
[Site "Samarkand UZB"]
[Date "2023.12.28"]
[EventDate "2023.12.26"]
[Round "11.21"]
[Result "1/2-1/2"]
[White "Mikhail Kobalia"]
[Black "Shakhriyar Mamedyarov"]
[WhiteElo "2542"]
[BlackElo "2723"]
[PlyCount "38"]

1. e4 e5 2. Nf3 Nc6 3. Bb5 a6 4. Ba4 Nf6 5. O-O Nxe4 6. d4 b5 7. Bb3 d5 8. dxe5
Be6 9. Nbd2 Be7 10. c3 Qd7 11. Bc2 Nxd2 12. Bxd2 d4 13. Be4 Bd5 14. Qc2 dxc3 15.
Bxc3 O-O-O 16. Bf5 Be6 17. Be4 Bd5 18. Bf5 Be6 19. Be4 Bd5 1/2-1/2

[Event "World Rapid 2023"]
[Site "Samarkand UZB"]
[Date "2023.12.28"]
[EventDate "2023.12.26"]
[Round "11.22"]
[Result "1/2-1/2"]
[White "Andrey Esipenko"]
[Black "S L Narayanan"]
[WhiteElo "2702"]
[BlackElo "2677"]
[PlyCount "120"]

1. e4 c5 2. Nf3 e6 3. d4 cxd4 4. Nxd4 a6 5. a3 b6 6. c4 Bb7 7. Nc3 d6 8. Be3 Nf6
9. f3 Nbd7 10. Be2 Be7 11. Qd2 O-O 12. O-O Rc8 13. Rac1 Re8 14. Rfd1 Qc7 15. b4
Qb8 16. Bf1 Bd8 17. Nb3 Ne5 18. Na4 Nxc4 19. Bxc4 b5 20. Bxe6 Rxc1 21. Nxc1 fxe6
22. Nc3 Bc7 23. Bf4 Rd8 24. N1e2 Rd7 25. Kh1 h6 26. h3 e5 27. Be3 Qd8 28. Ng3 d5
29. exd5 Bxd5 30. Nxd5 Rxd5 31. Qa2 Kh8 32. Rxd5 Nxd5 33. Bc5 Nf4 34. Ne4 Qd7
35. Kh2 Ne6 36. Bd6 Ng5 37. Bxc7 Qxc7 38. Qd5 Nxe4 39. fxe4 Kh7 40. Qe6 Qc3 41.
Qxa6 Qe3 42. Qxb5 Qf4+ 43. Kh1 Qc1+ 44. Kh2 Qf4+ 45. Kg1 Qe3+ 46. Kf1 Qf4+ 47.
Ke1 Qc1+ 48. Ke2 Qc2+ 49. Kf3 Qc3+ 50. Kf2 Qd4+ 51. Kf3 Qc3+ 52. Kg4 Qd2 53. g3
Qd1+ 54. Kf5 Qd6 55. Kg4 Qd1+ 56. Kf5 Qd6 57. Qxe5 g6+ 58. Kf4 Qd2+ 59. Kf3 Qd3+
60. Kf2 Qd2+ 1/2-1/2

[Event "World Rapid 2023"]
[Site "Samarkand UZB"]
[Date "2023.12.28"]
[EventDate "2023.12.26"]
[Round "11.24"]
[Result "1-0"]
[White "Van Foreest, Jorden"]
[Black "Jinshi Bai"]
[WhiteElo "2679"]
[BlackElo "2585"]
[PlyCount "104"]

1. e4 e5 2. Nf3 Nf6 3. Nxe5 d6 4. Nf3 Nxe4 5. d4 d5 6. Bd3 Nc6 7. O-O Be7 8. Re1
Bf5 9. Nbd2 Nxd2 10. Qxd2 Bg6 11. Bb5 O-O 12. Bxc6 bxc6 13. Ne5 Bd6 14. Qc3 c5
15. Nxg6 cxd4 16. Qxd4 hxg6 17. g3 c6 18. b3 Qb6 19. Bb2 Qxd4 20. Bxd4 a6 21.
Kf1 Rfe8 22. Rad1 g5 23. Rxe8+ Rxe8 24. Be3 Be7 25. c4 Rd8 26. cxd5 cxd5 27. Ke2
Bf6 28. Kd3 Rc8 29. Rc1 Rxc1 30. Bxc1 g4 31. Bd2 Kf8 32. Bb4+ Ke8 33. Bc3 Be7
34. Bxg7 Kd7 35. Bd4 f5 36. f3 Ke6 37. Ke2 Ba3 38. Kf2 Bd6 39. a4 Be7 40. Kg2
Bd6 41. h3 gxh3+ 42. Kxh3 Be5 43. Bxe5 Kxe5 44. b4 Kd4 45. b5 axb5 46. axb5 Kc5
47. g4 d4 48. Kg2 d3 49. Kf2 Kxb5 50. g5 Kc4 51. Ke1 Kd5 52. f4 1-0

[Event "World Rapid 2023"]
[Site "Samarkand UZB"]
[Date "2023.12.28"]
[EventDate "2023.12.26"]
[Round "11.25"]
[Result "1-0"]
[White "Parham Maghsoodloo"]
[Black "Arseniy Nesterov"]
[WhiteElo "2742"]
[BlackElo "2584"]
[PlyCount "90"]

1. c4 e6 2. Nc3 d5 3. d4 Nf6 4. cxd5 exd5 5. Bg5 c6 6. e3 Be7 7. Bd3 O-O 8. Nge2
Re8 9. O-O Nbd7 10. f3 b5 11. Rc1 Nb6 12. Qc2 h6 13. Bh4 Bd7 14. Nd1 Rc8 15. b3
a5 16. Qb1 a4 17. Kh1 axb3 18. axb3 Na8 19. Bf2 Nc7 20. Ng3 Na6 21. Qb2 c5 22.
dxc5 Nxc5 23. Bb1 Bd6 24. Nf5 Be5 25. Qa3 Qb6 26. b4 Na4 27. Rxc8 Bxc8 28. f4
Bb8 29. e4 Qb7 30. e5 Ne4 31. Bxe4 dxe4 32. Qh3 Bxf5 33. Qxf5 Rd8 34. Ne3 Ba7
35. Bh4 Re8 36. Ng4 Qc8 37. Qh5 e3 38. f5 Qc4 39. Re1 e2 40. e6 Rf8 41. Ne5 Qf4
42. exf7+ Kh7 43. Nf3 Nc3 44. Qg6+ Kh8 45. f6 1-0

[Event "World Rapid 2023"]
[Site "Samarkand UZB"]
[Date "2023.12.28"]
[EventDate "2023.12.26"]
[Round "11.26"]
[Result "0-1"]
[White "Maksim Tsaruk"]
[Black "Evgeny Tomashevsky"]
[WhiteElo "2460"]
[BlackElo "2681"]
[PlyCount "86"]

1. e4 e5 2. Nf3 Nc6 3. Bb5 a6 4. Ba4 Nf6 5. O-O Be7 6. d3 b5 7. Bb3 d6 8. a4 Bd7
9. c3 O-O 10. Re1 Na5 11. Bc2 c5 12. Nbd2 Nc6 13. Nf1 Re8 14. h3 h6 15. Ng3 Bf8
16. d4 cxd4 17. cxd4 exd4 18. Nxd4 Nxd4 19. Qxd4 Rc8 20. Bb3 bxa4 21. Bxa4 Bxa4
22. Rxa4 d5 23. e5 Nd7 24. Rxa6 Nxe5 25. Be3 Bc5 26. Qd1 Bxe3 27. Rxe3 d4 28.
Re2 d3 29. Rd2 Rc4 30. b3 Rb4 31. Ra4 Qb6 32. Rxb4 Qxb4 33. Nf5 Rb8 34. Ne3 Qxb3
35. Qxb3 Rxb3 36. f4 Nd7 37. Kf2 Nc5 38. Kf3 g6 39. Ng4 Kg7 40. Ne5 f6 41. Nc4
Rb4 42. Nb2 Nb3 43. Rd1 Nd4+ 0-1